La educación a distancia (Record no. 2613)

MARC details
000 -LEADER
campo de control de longitud fija 01726nmm a2200553 a 4500
003 - IDENTIFICADOR DE NÚMERO DE CONTROL
campo de control AR-BaBNM
005 - FECHA Y HORA DE LA ÚLTIMA TRANSACCIÓN
campo de control 20251128203249.0
008 - DATOS DE LONGITUD FIJA--INFORMACIÓN GENERAL
campo de control de longitud fija 011101s1990 ||||||||||||||000 | spa||
040 ## - FUENTE DE CATALOGACIÓN
Centro/agencia transcriptor AR-BaBNM
111 2# - ENTRADA PRINCIPAL--NOMBRE DE CONGRESO/REUNIÓN
Nombre de congreso/reunión o jurisdicción como elemento de entrada Seminario Internacional de Educación a Distancia
Número del congreso/reunión o número de parte o sección 1
Sede del congreso/Lugar de la reunión Buenos Aires, Argentina
9 (RLIN) mayo 22-24
Fecha del congreso o de la firma del tratado 1989
245 10 - MENCIÓN DEL TÍTULO
Título La educación a distancia
Resto del título deseos y realidades
260 ## - PUBLICACIÓN, DISTRIBUCIÓN, ETC.
Lugar de publicación, distribución, etc. Buenos Aires
Nombre del editor, distribuidor, etc. OEA
Fecha de publicación, distribución, etc. 1990
300 ## - DESCRIPCIÓN FÍSICA
Extensión 164 p.
500 ## - NOTA GENERAL
Nota general OEA: Organización de los Estados Americanos
500 ## - NOTA GENERAL
Nota general Proyecto "Desarrollo y Aplicación de Sistemas Educativos a Distancia"
500 ## - NOTA GENERAL
Nota general I.C.D.E.: Internacional Council for Distance Education
500 ## - NOTA GENERAL
Nota general UNESCO: Organización de las Naciones Unidas para la Educación, la Ciencia y la Cultura
650 #4 - PUNTO DE ACCESO ADICIONAL DE MATERIA--TÉRMINO DE MATERIA
Término de materia o nombre geográfico como elemento de entrada EDUCACION COMPARADA
650 #4 - PUNTO DE ACCESO ADICIONAL DE MATERIA--TÉRMINO DE MATERIA
Término de materia o nombre geográfico como elemento de entrada TEORIAS DEL APRENDIZAJE
650 #4 - PUNTO DE ACCESO ADICIONAL DE MATERIA--TÉRMINO DE MATERIA
Término de materia o nombre geográfico como elemento de entrada PROCESO DE APRENDIZAJE
651 #4 - PUNTO DE ACCESO ADICIONAL DE MATERIA--NOMBRE GEOGRÁFICO
Nombre geográfico Venezuela
651 #4 - PUNTO DE ACCESO ADICIONAL DE MATERIA--NOMBRE GEOGRÁFICO
Nombre geográfico Perú
651 #4 - PUNTO DE ACCESO ADICIONAL DE MATERIA--NOMBRE GEOGRÁFICO
Nombre geográfico México
651 #4 - PUNTO DE ACCESO ADICIONAL DE MATERIA--NOMBRE GEOGRÁFICO
Nombre geográfico Israel
651 #4 - PUNTO DE ACCESO ADICIONAL DE MATERIA--NOMBRE GEOGRÁFICO
Nombre geográfico Estados Unidos
651 #4 - PUNTO DE ACCESO ADICIONAL DE MATERIA--NOMBRE GEOGRÁFICO
Nombre geográfico España
651 #4 - PUNTO DE ACCESO ADICIONAL DE MATERIA--NOMBRE GEOGRÁFICO
Nombre geográfico Costa Rica
651 #4 - PUNTO DE ACCESO ADICIONAL DE MATERIA--NOMBRE GEOGRÁFICO
Nombre geográfico Colombia
651 #4 - PUNTO DE ACCESO ADICIONAL DE MATERIA--NOMBRE GEOGRÁFICO
Nombre geográfico Brasil
651 #4 - PUNTO DE ACCESO ADICIONAL DE MATERIA--NOMBRE GEOGRÁFICO
Nombre geográfico América Latina
653 ## - TÉRMINO DE INDIZACIÓN--NO CONTROLADO
Término no controlado EDUCACION A DISTANCIA
700 1# - ENTRADA AGREGADA--NOMBRE PERSONAL
Nombre de persona Litwin, Edith
Término indicativo de función/relación compilador
700 1# - ENTRADA AGREGADA--NOMBRE PERSONAL
Nombre de persona Libedinsky, Marta
Término indicativo de función/relación compilador
700 1# - ENTRADA AGREGADA--NOMBRE PERSONAL
Nombre de persona Abreu, María Rosa
700 1# - ENTRADA AGREGADA--NOMBRE PERSONAL
Nombre de persona Aparici, Roberto
700 1# - ENTRADA AGREGADA--NOMBRE PERSONAL
Nombre de persona Arias, Teresa
700 1# - ENTRADA AGREGADA--NOMBRE PERSONAL
Nombre de persona Braslavsky, Berta P. de
700 1# - ENTRADA AGREGADA--NOMBRE PERSONAL
Nombre de persona Carbone, Graciela María
700 1# - ENTRADA AGREGADA--NOMBRE PERSONAL
Nombre de persona Garzón, Arturo
700 1# - ENTRADA AGREGADA--NOMBRE PERSONAL
Nombre de persona Joseph, Andrés H.
700 1# - ENTRADA AGREGADA--NOMBRE PERSONAL
Nombre de persona Mena, Marta
700 1# - ENTRADA AGREGADA--NOMBRE PERSONAL
Nombre de persona Riccó, Norma
700 1# - ENTRADA AGREGADA--NOMBRE PERSONAL
Nombre de persona Rottemberg, Rosa
700 1# - ENTRADA AGREGADA--NOMBRE PERSONAL
Nombre de persona Saleme de Burnichon, María
700 1# - ENTRADA AGREGADA--NOMBRE PERSONAL
Nombre de persona Serur, Raquel
700 1# - ENTRADA AGREGADA--NOMBRE PERSONAL
Nombre de persona Trilnick, Daniel
942 ## - ELEMENTOS DE ENTRADA SECUNDARIOS (KOHA)
Tipo de ítem Koha Libros
998 ## - INFORMACIÓN DE CONTROL LOCAL (RLIN)
Iniciales del catalogador, CIN (RLIN) silvi
Holdings
Estatus retirado Estado de pérdida Fuente de la clasificación o esquema de estantería Estado de daño Restricciones de uso No para préstamo Biblioteca de origen Biblioteca actual Fecha de adquisición Total de préstamos Signatura topográfica completa Código de barras Visto por última vez Precio de reemplazo Tipo de ítem Koha
    Clasificación Decimal Dewey   Acceso restringido No para préstamo Liberty Liberty 28/11/2025   37.018 LIT 046145 28/11/2025 28/11/2025 Libros